000 00576nam a2200229Ia 4500
003 OSt
005 20220918210504.0
006 a|||||r|||| 00| 0
007 ta
008 220917b |||||||| |||| 00| 0 eng d
024 _a120,700
037 _cTextual
040 _aARTS
_cARTS
_beng
041 _2eng
_aeng
082 _aV6N63, 122K9
100 _aBoutros Ghali B
_9118390
245 0 _aL'Organisation de l' unite Africaine
260 _c1969
650 _aHISTORY
942 _hV6N63, 122K9
_cTEXL
_2CC
999 _c243957
_d243957